00503nam a2200193 a 4500001001300000003000900013005001700022008004100039020002300080082001500103100002600118245003200144260003500176300000900211500003500220505001000255650001800265700002600283nice12345678IN_TiNIC20260116014431.0050524s2002 dela grp 000 0 eng  a8178240 c29500a954.2bMUK aMukherjee, Rudrangshu aAwadh in Revoltb 1857-1858 aDelhi bPermanent Black c2002 a219p aincludes index and biblioraphy2 aIndex aAwadh-History1 aMukherjee, Rudrangshu